[Event "Amplico ch-EUR Rapid"]
[Site "Warsaw POL"]
[Date "2012.12.15"]
[Round "3.34"]
[White "Frink, Ferenc"]
[Black "Moranda, Wojciech"]
[Result "0-1"]
[WhiteTitle "FM"]
[BlackTitle "GM"]
[WhiteElo "2207"]
[BlackElo "2559"]
[WhiteFideId "704946"]
[BlackFideId "1122401"]
[EventDate "2012.12.15"]

1. e4 c5 2. a3 g6 3. b4 Bg7 4. c3 b6 5. d4 Bb7 6. f3 cxd4 7. cxd4 Nc6 8. Be3 d5
9. e5 f6 10. f4 Nh6 11. Bd3 O-O 12. Nc3 fxe5 13. fxe5 Nf5 14. Bxf5 Rxf5 15. Nf3
Qd7 16. O-O Raf8 17. Qd3 Nd8 18. Ne2 Bc6 19. Ng3 Bb5 20. Qd2 R5f7 21. Rf2 Qg4
22. a4 Bc4 23. Ra3 Ne6 24. b5 h5 25. Bh6 h4 26. Nf1 Bxf1 27. Bxg7 Kxg7 28. h3
Qf4 29. Kxf1 Nxd4 30. e6 Qxd2 31. Rxd2 Nxf3 32. Rxd5 Nd2+ 33. Ke1 Nc4 34. Rc3
Rf1+ 35. Ke2 R8f2+ 36. Kd3 Nb2+ 37. Ke3 Rf6 38. Ke2 R1f5 39. Rd6 exd6 40. e7
Re5+ 41. Re3 Rxe3+ 42. Kxe3 Re6+ 0-1

[Event "Amplico ch-EUR Rapid"]
[Site "Warsaw POL"]
[Date "2012.12.15"]
[Round "3.37"]
[White "Leks, Hanna"]
[Black "Papin, Vasily"]
[Result "0-1"]
[WhiteTitle "WIM"]
[BlackTitle "GM"]
[WhiteElo "2202"]
[BlackElo "2561"]
[WhiteFideId "1123831"]
[BlackFideId "4143183"]
[EventDate "2012.12.15"]

1. e4 c5 2. Nf3 e6 3. d4 cxd4 4. Nxd4 a6 5. Bd3 Qb6 6. Nb3 Qc7 7. O-O d6 8. c4
b6 9. Be3 Nf6 10. Nc3 Be7 11. Rc1 Bb7 12. f3 Nbd7 13. Na4 O-O 14. Nd4 Rfe8 15.
b4 Rac8 16. Nb3 Qb8 17. Qd2 Bd8 18. Qf2 Ba8 19. c5 b5 20. Nb2 d5 21. Nd4 Ne5 22.
Bf4 Bc7 23. Bb1 dxe4 24. fxe4 Bxe4 25. Bxe5 Bxe5 26. Bxe4 Nxe4 27. Qxf7+ Kh8 28.
Nxe6 Bxb2 29. Rce1 Qe5 30. Ng5 Qd4+ 31. Kh1 Nf2+ 32. Kg1 Rxe1 33. Rxe1 Ng4+ 34.
Kf1 Nxh2+ 35. Ke2 Qg4+ 36. Nf3 Qxg2+ 37. Ke3 Nxf3 38. Rd1 Ne5 39. Qe7 Qf3+ 40.
Kd2 Qf2# 0-1

[Event "Amplico ch-EUR Rapid"]
[Site "Warsaw POL"]
[Date "2012.12.15"]
[Round "3.38"]
[White "Lewtak, Damian"]
[Black "Tazbir, Marcin"]
[Result "0-1"]
[BlackTitle "IM"]
[WhiteElo "2195"]
[BlackElo "2555"]
[WhiteFideId "1141724"]
[BlackFideId "1122452"]
[EventDate "2012.12.15"]

1. e4 c5 2. Nf3 d6 3. d4 cxd4 4. Qxd4 Nc6 5. Bb5 Bg4 6. Bxc6+ bxc6 7. Qd3 Qa5+
8. Bd2 Qb5 9. Qxb5 cxb5 10. a4 bxa4 11. Rxa4 Nf6 12. Nc3 Bd7 13. Ra5 Bc6 14. Nd5
Rc8 15. Nxf6+ gxf6 16. Rxa7 Bxe4 17. c3 Rg8 18. Kf1 e6 19. Rg1 Be7 20. Ne1 Bd8
21. Ke2 Bd5 22. Be3 Rb8 23. b4 Rg4 24. g3 Rc4 25. Kd2 f5 26. Nd3 Bf6 27. Ra3
Rbc8 28. Rc1 Be4 29. Nb2 R4c7 30. b5 Rb7 31. b6 Bd8 32. Ra6 Rc6 33. Na4 Kd7 34.
c4 e5 35. f4 f6 36. c5 d5 37. Ra8 d4 38. Bf2 Bd5 39. Re1 Re6 40. Ra5 Kc6 41. Ra8
Be7 42. Rc8+ Kd7 43. Rh8 Bc6 44. Ra1 Bxa4 45. Rxa4 Bxc5 46. Rxh7+ Kc6 47. Rxb7
Kxb7 48. fxe5 fxe5 49. h4 Kxb6 50. h5 Rh6 51. Ra8 Rxh5 52. Re8 e4 0-1

[Event "Amplico ch-EUR Rapid"]
[Site "Warsaw POL"]
[Date "2012.12.15"]
[Round "3.39"]
[White "Zaksaite, Salomeja"]
[Black "Popov, Valerij"]
[Result "0-1"]
[WhiteTitle "WIM"]
[BlackTitle "GM"]
[WhiteElo "2162"]
[BlackElo "2557"]
[WhiteFideId "12801496"]
[BlackFideId "4119410"]
[EventDate "2012.12.15"]

1. e4 c5 2. Nf3 d6 3. d4 Nf6 4. Nc3 cxd4 5. Nxd4 a6 6. Bc4 e6 7. Bb3 Nbd7 8. f4
Nc5 9. e5 dxe5 10. fxe5 Nfd7 11. Bf4 b5 12. O-O Bb7 13. Qh5 g6 14. Qe2 Bg7 15.
Rad1 O-O 16. Qe3 Qc7 17. Rfe1 Rfe8 18. a3 Nxb3 19. cxb3 Rad8 20. Ne4 Nxe5 21.
Ng5 Rd5 22. Kh1 Qd7 23. Rd2 Ng4 24. Qh3 h5 0-1

[Event "Amplico ch-EUR Rapid"]
[Site "Warsaw POL"]
[Date "2012.12.15"]
[Round "3.40"]
[White "Klepaczka, Tomasz"]
[Black "Bulski, Krzysztof"]
[Result "1-0"]
[BlackTitle "GM"]
[WhiteElo "2240"]
[BlackElo "2549"]
[WhiteFideId "1134574"]
[BlackFideId "1121499"]
[EventDate "2012.12.15"]

1. e4 e5 2. Nf3 Nc6 3. Nc3 Nf6 4. Nxe5 Nxe5 5. d4 Nc6 6. d5 Ne5 7. f4 Ng6 8. e5
Ng8 9. d6 cxd6 10. exd6 Qb6 11. Nb5 Kd8 12. Qf3 Bxd6 13. Be3 Bc5 14. Bxc5 Qxc5
15. O-O-O Nh6 16. Nd6 Kc7 17. Bc4 Nf5 18. Nxf5 Qxf5 19. Rd4 d6 20. Rhd1 Bd7 21.
g4 Qxg4 22. Qd5 Rad8 23. Qxd6+ Kc8 24. Bxf7 Qf3 25. Rc4+ Bc6 26. Be6+ Rd7 27.
Bxd7+ 1-0

[Event "Amplico ch-EUR Rapid"]
[Site "Warsaw POL"]
[Date "2012.12.15"]
[Round "3.41"]
[White "Jaracz, Pawel"]
[Black "Juknis, Paulius"]
[Result "1-0"]
[WhiteTitle "GM"]
[WhiteElo "2548"]
[BlackElo "2135"]
[WhiteFideId "1102222"]
[BlackFideId "12802247"]
[EventDate "2012.12.15"]

1. e4 d5 2. exd5 Nf6 3. Nf3 Qxd5 4. Nc3 Qd6 5. d4 a6 6. g3 Bg4 7. h3 Bh5 8. Bg2
Nc6 9. Bf4 Qb4 10. O-O O-O-O 11. g4 Bg6 12. a3 Qxb2 13. Qe1 e6 14. Ne5 Nd5 15.
Nxd5 exd5 16. Nxc6 bxc6 17. Qa5 Qb6 18. Qc3 Bd6 19. Rab1 Qa7 20. Bg5 f6 21. Be3
Kd7 22. Qa5 Rb8 23. Rxb8 Rxb8 24. c4 Qb6 25. Qa4 Qb3 26. Qxb3 Rxb3 27. c5 Be7
28. Ra1 Bd3 29. Bf3 f5 30. Bd1 Rb2 31. Bc1 Rb1 32. Rxb1 Bxb1 33. g5 Bd3 34. Bf4
g6 35. f3 Ke6 36. h4 Bf8 37. Kf2 Bg7 38. Ke3 Bc4 39. Bxc7 Bb5 40. f4 Bh8 41. h5
gxh5 42. Bxh5 Bg7 43. Be5 Bf8 44. Bf6 Ba4 45. Kd2 h6 46. Ke3 Bb5 47. Be8 Ba4 48.
Be5 Ke7 49. Bh5 hxg5 50. fxg5 f4+ 51. Kxf4 Ke6 52. Bg4+ Kf7 53. Bf5 1-0

[Event "Amplico ch-EUR Rapid"]
[Site "Warsaw POL"]
[Date "2012.12.15"]
[Round "3.42"]
[White "Jarmula, Pawel"]
[Black "Maiorov, Nikita1"]
[Result "1-0"]
[BlackTitle "GM"]
[WhiteElo "2182"]
[BlackElo "2541"]
[WhiteFideId "1146211"]
[BlackFideId "13501720"]
[EventDate "2012.12.15"]

1. d4 Nf6 2. c4 e6 3. Nc3 Bb4 4. e3 O-O 5. Bd3 d5 6. Nf3 c5 7. O-O Nc6 8. a3
Bxc3 9. bxc3 Qc7 10. Bb2 dxc4 11. Bxc4 e5 12. h3 Bf5 13. Qe2 Rad8 14. Rfd1 Bg6
15. Bb5 e4 16. Bxc6 bxc6 17. Ne5 Bh5 18. g4 Bg6 19. Qa6 Rb8 20. Rab1 Rb6 21. Qe2
Rfb8 22. Nc4 Rb3 23. dxc5 h5 24. g5 Nd5 25. Qc2 Qe7 26. Na5 Qxg5+ 27. Kh1 Bf5
28. Nxb3 Bxh3 29. Qxe4 Bf5 30. Qe5 Rxb3 31. c4 Qh4+ 32. Kg1 Qg4+ 33. Kh2 Be4 34.
Qg3 Bxb1 35. Qxg4 hxg4 36. cxd5 Rxb2 37. d6 Bf5 38. d7 Bxd7 39. Rxd7 Rxf2+ 40.
Kg3 Rf3+ 41. Kxg4 Rxe3 42. Rxa7 Rc3 43. Ra8+ Kh7 44. a4 Rxc5 45. a5 Kg6 46. a6
Ra5 47. a7 Ra4+ 48. Kf3 f6 49. Ke3 c5 50. Kd3 f5 51. Kc3 c4 52. Kd4 Kg5 53. Kc5
c3 54. Kb6 Rb4+ 55. Ka6 Rc4 56. Rg8 c2 57. Kb5 c1=Q 58. a8=Q Rc5+ 59. Kb6 Kf4 1-0

[Event "Amplico ch-EUR Rapid"]
[Site "Warsaw POL"]
[Date "2012.12.15"]
[Round "3.43"]
[White "Kulaots, Kaido"]
[Black "Kukk, Sander"]
[Result "1-0"]
[WhiteTitle "GM"]
[WhiteElo "2581"]
[BlackElo "2184"]
[WhiteFideId "4500261"]
[BlackFideId "4502094"]
[EventDate "2012.12.15"]

1. d4 g6 2. e4 Bg7 3. Nf3 d6 4. c3 Nf6 5. Bd3 O-O 6. O-O Bg4 7. Nbd2 Nc6 8. h3
Bd7 9. Re1 e5 10. Nf1 Re8 11. Ng3 Qe7 12. Bg5 h6 13. Be3 a6 14. Qd2 Kh7 15. Rac1
Rad8 16. d5 Nb8 17. c4 c5 18. b4 b6 19. Rb1 Nh5 20. Nxh5 gxh5 21. bxc5 bxc5 22.
Rb7 Rg8 23. Kh2 Bf6 24. Reb1 Qf8 25. R1b6 Qg7 26. Bf1 Bc8 27. Rxb8 Bxh3 28. Rxd8
Bxd8 29. Rxd6 Bxg2 30. Rxh6+ Qxh6 31. Bxh6 Bxf1 32. Bg5 f6 33. Be3 Bxc4 34. Nh4 1-0

[Event "Amplico ch-EUR Rapid"]
[Site "Warsaw POL"]
[Date "2012.12.15"]
[Round "3.44"]
[White "Kot, Jerzy"]
[Black "Stupak, Kirill"]
[Result "0-1"]
[WhiteTitle "FM"]
[BlackTitle "GM"]
[WhiteElo "2178"]
[BlackElo "2526"]
[WhiteFideId "1101595"]
[BlackFideId "13503758"]
[EventDate "2012.12.15"]

1. g3 Nf6 2. Bg2 d5 3. Nf3 c5 4. O-O Nc6 5. c4 d4 6. a3 a5 7. d3 g6 8. e3 Bg7 9.
exd4 cxd4 10. Re1 Nd7 11. Nbd2 O-O 12. Rb1 Nc5 13. Ne4 Na6 14. Bd2 Rb8 15. b4
axb4 16. axb4 b5 17. Qc2 Bd7 18. Qa2 Qb6 19. Bf4 Naxb4 20. Qd2 bxc4 21. Bxb8 c3
22. Qe2 Rxb8 23. Rec1 Ra8 24. Ne1 Qb5 25. f4 h6 26. Nf2 Ra4 27. Bxc6 Bxc6 28.
Qxe7 Bf8 29. Qf6 Qd5 30. Qe5 Qxe5 31. fxe5 Ra2 32. Ra1 Rd2 33. Ra5 h5 34. g4 Bh6
35. Ne4 Be3+ 36. Kf1 Bxe4 37. dxe4 Rf2+ 38. Kg1 Rf4+ 39. Kg2 Rxg4+ 40. Kf3 Rf4+
41. Kg3 Bxc1 0-1

[Event "Amplico ch-EUR Rapid"]
[Site "Warsaw POL"]
[Date "2012.12.15"]
[Round "3.45"]
[White "Bukavshin, Ivan"]
[Black "Wisniowska, Klaudia"]
[Result "1-0"]
[WhiteTitle "GM"]
[WhiteElo "2510"]
[BlackElo "2188"]
[WhiteFideId "4199758"]
[BlackFideId "1181238"]
[EventDate "2012.12.15"]

1. d4 Nf6 2. c4 g6 3. Nc3 Bg7 4. g3 O-O 5. Bg2 d6 6. Nf3 a6 7. O-O Nc6 8. d5 Na5
9. Nd2 c5 10. Qc2 Rb8 11. Rb1 b5 12. b3 e6 13. Bb2 bxc4 14. bxc4 Rb4 15. a3 Rxc4
16. Nxc4 Nxc4 17. Bc1 Nb6 18. dxe6 Bxe6 19. Rd1 Nc4 20. Nd5 Nxd5 21. Bxd5 Ne5
22. Bf4 Bxd5 23. Rxd5 Qc7 24. Rbd1 Rd8 25. Bxe5 Bxe5 26. Qc4 a5 27. Kg2 Rb8 28.
f4 Bb2 29. Rxd6 Bxa3 30. Rd7 Qc6+ 31. e4 Qf6 32. R1d6 Qb2+ 33. Kh3 Qb3 34. Qxb3
Rxb3 35. Ra7 c4 36. Rd8+ Kg7 37. Rdd7 c3 38. Rxf7+ Kg8 39. Rg7+ Kf8 40. Rxh7 Kg8
41. Rhg7+ Kf8 42. Rgc7 1-0

[Event "Amplico ch-EUR Rapid"]
[Site "Warsaw POL"]
[Date "2012.12.15"]
[Round "3.46"]
[White "Sanz Losada, Victoriano"]
[Black "Warakomski, Tomasz"]
[Result "0-1"]
[BlackTitle "IM"]
[WhiteElo "2130"]
[BlackElo "2490"]
[WhiteFideId "2202808"]
[BlackFideId "1124552"]
[EventDate "2012.12.15"]

1. e4 g6 2. d4 Bg7 3. c4 d6 4. Nc3 e5 5. d5 h5 6. Be2 h4 7. h3 Bh6 8. Nf3 a5 9.
Bxh6 Rxh6 10. Qd2 Na6 11. O-O-O Nc5 12. Kb1 Bd7 13. Ne1 Qf6 14. Rf1 Qf4 15. Qxf4
exf4 16. Nd3 Nxd3 17. Bxd3 Ne7 18. Rc1 b6 19. Rfe1 f6 20. Ne2 f3 21. gxf3 Bxh3
22. Nf4 Bd7 23. Rh1 g5 24. Nh3 Bxh3 25. Rxh3 Ng6 26. Kc2 Kd7 27. Kd2 a4 28. Rc3
Rhh8 29. Ra3 Ra5 30. Rh1 Rb8 31. Bf1 Nf4 32. Ke3 c6 33. Rg1 cxd5 34. exd5 Re8+
35. Kd2 Re5 36. b3 axb3 37. Rxa5 bxa5 38. axb3 Kc7 39. Bd3 Kb6 40. Ra1 Re8 41.
Be4 h3 42. Rh1 Kc5 43. Kc3 Rh8 44. Rh2 Rb8 45. Rh1 Ne2+ 46. Kb2 Nd4 47. Rxh3
Rxb3+ 48. Ka2 Kxc4 49. Rh8 Rb5 50. Rf8 f5 51. Bxf5 Nxf5 52. Rxf5 Rxd5 53. Rf6
Kc3 54. f4 gxf4 55. Rxf4 Rd2+ 56. Kb1 Rd1+ 57. Ka2 d5 58. Ra4 Rd2+ 59. Kb1 Kb3
60. Kc1 Kxa4 61. Kxd2 Kb4 62. f4 Kc5 63. Kc3 d4+ 64. Kd3 a4 65. f5 a3 66. f6 Kd6 0-1

[Event "Amplico ch-EUR Rapid"]
[Site "Warsaw POL"]
[Date "2012.12.15"]
[Round "3.47"]
[White "Pakleza, Zbigniew"]
[Black "Berzinsh, Ivars"]
[Result "1-0"]
[WhiteTitle "IM"]
[WhiteElo "2486"]
[BlackElo "2178"]
[WhiteFideId "1119290"]
[BlackFideId "11600764"]
[EventDate "2012.12.15"]

1. d4 Nf6 2. Nf3 e6 3. Bf4 b6 4. e3 Bb7 5. h3 Bd6 6. Bxd6 cxd6 7. Bd3 Be4 8. O-O
d5 9. Bxe4 dxe4 10. Nfd2 d5 11. c4 O-O 12. Nc3 Nc6 13. Qa4 Ne7 14. Rfc1 Nf5 15.
Ne2 Nh4 16. cxd5 exd5 17. Rc6 Nh5 18. Kh2 h6 19. Qb3 Kh7 20. Rac1 Qg5 21. g3 Qf5
22. Nf4 Nxf4 23. exf4 Ng6 24. Nf1 Qh5 25. Qd1 Qxd1 26. Rxd1 Rac8 27. Rdc1 Ne7
28. R6c3 Rxc3 29. bxc3 Rc8 30. Ne3 Kg6 31. g4 Kf6 32. Kg3 Ke6 33. f5+ Kd6 34. h4
Nc6 35. Rc2 Na5 36. f6 g6 37. g5 hxg5 38. hxg5 Nc4 39. Nxc4+ Rxc4 40. f3 b5 41.
fxe4 dxe4 42. Kf4 Kd5 43. a3 Rc8 44. Rb2 a6 45. a4 Rxc3 46. axb5 Rf3+ 47. Kg4
axb5 48. Rxb5+ Kxd4 49. Rb7 Rf5 50. Rxf7 e3 51. Rd7+ Ke4 52. Re7+ Kd3 53. Rd7+
Kc2 54. Rc7+ Kd2 55. Rd7+ Ke1 56. Rg7 Kf2 57. Rxg6 e2 58. Kxf5 e1=Q 59. f7 Qb1+
60. Kf6 Qb2+ 61. Ke7 Qe5+ 62. Re6 Qc5+ 63. Kf6 Qd4+ 64. Kg6 Qd3+ 65. Kg7 Qd7 66.
Rf6+ Kg3 67. Kg8 Qd5 68. Kh7 Qd7 69. Kh8 Qh3+ 70. Kg8 1-0

[Event "Amplico ch-EUR Rapid"]
[Site "Warsaw POL"]
[Date "2012.12.15"]
[Round "3.48"]
[White "Lach, Aleksandra"]
[Black "Kovalev, Vladislav"]
[Result "1-0"]
[WhiteTitle "WF"]
[BlackTitle "IM"]
[WhiteElo "2176"]
[BlackElo "2482"]
[WhiteFideId "1134299"]
[BlackFideId "13504398"]
[EventDate "2012.12.15"]

1. e4 e5 2. Nf3 Nc6 3. Bc4 Nf6 4. d3 Bc5 5. O-O O-O 6. Bb3 a6 7. c3 d6 8. Nbd2
Ba7 9. Nc4 Ne7 10. Nh4 Bg4 11. Qe1 Nh5 12. Ne3 Be6 13. g3 g6 14. Neg2 Qd7 15.
Be3 f5 16. Bxa7 Rxa7 17. exf5 Bxb3 18. axb3 Nxf5 19. Nxf5 Qxf5 20. Qe4 Raa8 21.
b4 Qxe4 22. dxe4 Rf3 23. Ne1 Rf7 24. b5 a5 25. Nd3 Nf6 26. Ra4 c6 27. Rfa1 cxb5
28. Rxa5 Rxa5 29. Rxa5 Nxe4 30. Rxb5 Rf3 31. Rd5 g5 32. g4 h5 33. gxh5 Kh7 34.
c4 Kh6 35. c5 dxc5 36. Nxe5 Rb3 37. f3 Nf6 38. Rd6 Kg7 39. h6+ Kxh6 40. Rxf6+
Kg7 41. Rg6+ Kh7 42. Rxg5 Rxb2 43. Nd3 Rb1+ 44. Kf2 c4 45. Nf4 b5 46. Rc5 Rb2+
47. Ke3 Rb3+ 48. Ke4 c3 49. Nd3 Kh6 50. Kd4 b4 51. Rc4 Rb1 52. Nxb4 Rh1 53. Rxc3
Rxh2 54. f4 Kg6 55. Nd3 Rh8 56. Ke4 1-0

[Event "Amplico ch-EUR Rapid"]
[Site "Warsaw POL"]
[Date "2012.12.15"]
[Round "4.5"]
[White "Warakomski, Tomasz"]
[Black "Edouard, Romain"]
[Result "0-1"]
[WhiteTitle "IM"]
[BlackTitle "GM"]
[WhiteElo "2490"]
[BlackElo "2686"]
[WhiteFideId "1124552"]
[BlackFideId "633429"]
[EventDate "2012.12.15"]

1. e4 e6 2. d3 d5 3. Nd2 c5 4. Ngf3 Nc6 5. g3 Bd6 6. Bg2 Nge7 7. O-O O-O 8. Re1
Bc7 9. exd5 Nxd5 10. Nb3 b6 11. c4 Nde7 12. d4 Ba6 13. dxc5 Bxc4 14. Be3 Bd5 15.
Rc1 Rb8 16. cxb6 Bxb6 17. Bf4 Rc8 18. Ne5 Nb4 19. Rxc8 Qxc8 20. Nd3 Bxg2 21.
Kxg2 Rd8 22. Nxb4 Rxd1 23. Rxd1 e5 24. Bd2 a5 25. Nd3 Qc2 0-1

[Event "Amplico ch-EUR Rapid"]
[Site "Warsaw POL"]
[Date "2012.12.15"]
[Round "4.6"]
[White "Fridman, Daniel"]
[Black "Gorovets, Andrey"]
[Result "0-1"]
[WhiteTitle "GM"]
[BlackTitle "IM"]
[WhiteElo "2667"]
[BlackElo "2474"]
[WhiteFideId "11600454"]
[BlackFideId "13504037"]
[EventDate "2012.12.15"]

1. d4 f5 2. g3 Nf6 3. Bg2 g6 4. Nf3 Bg7 5. O-O O-O 6. c4 d6 7. Nc3 c6 8. b3 Qa5
9. Bb2 e5 10. Qd2 Na6 11. Rfd1 Re8 12. dxe5 dxe5 13. Ne4 Qxd2 14. Nxf6+ Bxf6 15.
Rxd2 Kf7 16. h4 h6 17. Rd6 Re6 18. Rxe6 Kxe6 19. e4 Nc5 20. exf5+ gxf5 21. Bxe5
Bxe5 22. Re1 Ne4 23. Nxe5 Kxe5 24. f3 Be6 25. fxe4 f4 26. gxf4+ Kxf4 27. Rd1 a5
28. Bf1 Bg4 29. Rd6 h5 30. Rf6+ Kxe4 31. Rf7 Rb8 32. Kf2 Kd4 33. Rf4+ Kc5 34. a3
Rd8 35. Ke3 Rd1 36. Bd3 Rh1 37. Kd2 Rxh4 38. Kc3 Rh3 39. b4+ axb4+ 40. axb4+ Kd6
41. c5+ Ke5 42. Rf7 Rf3 43. Re7+ Kf6 44. Rxb7 Bf5 45. b5 Rxd3+ 46. Kc4 cxb5+ 47.
Rxb5 Rd1 48. Rb6+ Kg5 49. c6 Rc1+ 50. Kd5 h4 51. Kd6 h3 52. Rb2 Rc3 53. c7 Kg4
54. Rf2 Rf3 55. Rc2 Kg3 56. Rc5 Bg4 57. Rc4 Rf4 58. Rc3+ Kh4 59. Rc2 Rf8 60. Ke5
Kg3 61. Rc3+ Rf3 62. Rc4 Bc8 63. Rc6 h2 64. Rg6+ Kf2 65. Rh6 Rh3 0-1

[Event "Amplico ch-EUR Rapid"]
[Site "Warsaw POL"]
[Date "2012.12.15"]
[Round "4.8"]
[White "Sargissian, Gabriel"]
[Black "Dragun, Kamil"]
[Result "1-0"]
[WhiteTitle "GM"]
[BlackTitle "IM"]
[WhiteElo "2666"]
[BlackElo "2461"]
[WhiteFideId "13300881"]
[BlackFideId "1134167"]
[EventDate "2012.12.15"]

1. d4 Nf6 2. Nf3 g6 3. c4 Bg7 4. g3 c6 5. Bg2 d5 6. Qa4 O-O 7. O-O dxc4 8. Qxc4
Bf5 9. Nc3 Ne4 10. Qb3 Qb6 11. Nh4 Nxc3 12. bxc3 Be6 13. Qa3 Re8 14. e4 Bc4 15.
Re1 e5 16. Nf3 Nd7 17. Be3 Qc7 18. Nd2 Ba6 19. d5 cxd5 20. exd5 Nb6 21. Rac1 Nc4
22. Nxc4 Bxc4 23. d6 Qd7 24. Qb4 Ba6 25. c4 e4 26. c5 Bd3 27. Red1 a5 28. Qb6
Ra6 29. Qc7 Qxc7 30. dxc7 Rc6 31. Rxd3 exd3 32. Bxc6 bxc6 33. Bf4 g5 34. Rb1 d2
35. Bxd2 Be5 36. Bxa5 1-0

[Event "Amplico ch-EUR Rapid"]
[Site "Warsaw POL"]
[Date "2012.12.15"]
[Round "4.9"]
[White "Volodin, Aleksandr"]
[Black "Ragger, Markus"]
[Result "1/2-1/2"]
[WhiteTitle "GM"]
[BlackTitle "GM"]
[WhiteElo "2506"]
[BlackElo "2655"]
[WhiteFideId "4501950"]
[BlackFideId "1610856"]
[EventDate "2012.12.15"]

1. d4 d5 2. c4 c6 3. e3 Nf6 4. Nf3 Bg4 5. Nc3 e6 6. h3 Bh5 7. g4 Bg6 8. Ne5 Nbd7
9. Nxg6 hxg6 10. Bd2 Bb4 11. Bg2 dxc4 12. g5 Nd5 13. e4 N5b6 14. O-O e5 15. d5
Nc5 16. a3 Bxc3 17. Bxc3 Qxg5 18. f4 exf4 19. Qd4 Ncd7 20. Qxg7 O-O-O 21. Bd2
Qe5 22. Qxe5 Nxe5 23. Bxf4 Nbd7 24. dxc6 bxc6 25. Rac1 Rde8 26. Rc3 Rh7 27. b3
cxb3 28. Rxb3 f6 29. Rc1 Re6 30. Bf1 Nb6 31. Rg3 Kb7 32. Rb3 Nd7 33. Bg2 g5 34.
Bg3 Ne5 35. a4 Kc8 36. a5 Na8 37. Bf1 Nc7 38. a6 Na8 39. Bc4 Rd6 40. Bg8 Rg7 41.
Bd5 Rc7 42. Bg8 Nb6 43. Rbc3 Na4 44. Rb3 c5 45. Bd5 Nb6 46. Bb7+ Kd7 47. Bf2 Nd3
48. Rd1 Nxf2 49. Rxd6+ Kxd6 50. Rxb6+ axb6 51. a7 Nxh3+ 52. Kh2 Rxb7 53. a8=Q
Rh7 54. Qd5+ Kc7 55. Qg8 Rh4 56. Qg7+ Kb8 57. Qg8+ Kb7 58. Qd5+ Ka6 59. Qa2+ Kb5
60. Qb3+ Ka6 61. Qa4+ Kb7 62. Qd7+ 1/2-1/2

[Event "Amplico ch-EUR Rapid"]
[Site "Warsaw POL"]
[Date "2012.12.15"]
[Round "4.10"]
[White "Istratescu, Andrei"]
[Black "Sieciechowicz, Marcin"]
[Result "1/2-1/2"]
[WhiteTitle "GM"]
[BlackTitle "IM"]
[WhiteElo "2654"]
[BlackElo "2443"]
[WhiteFideId "1200372"]
[BlackFideId "1130170"]
[EventDate "2012.12.15"]

1. d4 Nf6 2. Nf3 g6 3. Bg5 Bg7 4. Nbd2 d5 5. e3 O-O 6. c3 b6 7. h3 Bb7 8. Be2 c5
9. O-O Ne4 10. Nxe4 dxe4 11. Nd2 cxd4 12. cxd4 Nd7 13. Rc1 Nf6 14. Qa4 Qd5 15.
Bf4 Rfc8 16. Be5 Rxc1 17. Rxc1 Ne8 18. Bc4 Qd8 19. Bxg7 Kxg7 20. Bb5 Nd6 21. Bc6
Bxc6 22. Rxc6 f5 23. d5 Qd7 24. Qd4+ Kg8 25. Nc4 Nf7 26. Ne5 Nxe5 27. Qxe5 Rd8
28. Rc7 Qxd5 29. Qxe7 Qd1+ 30. Kh2 Qd6+ 31. Qxd6 Rxd6 32. Rxa7 Rd2 33. Kg3 Rxb2
34. f3 Re2 35. Kf4 Rxg2 36. fxe4 fxe4 37. Kxe4 Rh2 38. Kd5 Rxh3 39. e4 Re3 40.
e5 h5 41. Rb7 h4 42. Rxb6 Kg7 43. Rb7+ Kh6 44. e6 h3 45. Rb1 g5 46. a4 g4 47. a5
Ra3 48. e7 Rxa5+ 49. Ke4 Ra8 50. Kf4 Re8 1/2-1/2

[Event "Amplico ch-EUR Rapid"]
[Site "Warsaw POL"]
[Date "2012.12.15"]
[Round "4.11"]
[White "Fargere, Francois"]
[Black "Petrosian, Tigran L."]
[Result "0-1"]
[WhiteTitle "GM"]
[BlackTitle "GM"]
[WhiteElo "2446"]
[BlackElo "2648"]
[WhiteFideId "615935"]
[BlackFideId "13301616"]
[EventDate "2012.12.15"]

1. e4 d6 2. d4 g6 3. Nc3 a6 4. Be3 b5 5. Bd3 Nd7 6. Nf3 Bb7 7. O-O Bg7 8. Re1 c5
9. a4 b4 10. Na2 Qc7 11. Qe2 Ngf6 12. dxc5 dxc5 13. Bg5 O-O 14. Nd2 Ne5 15. Nc4
Nxc4 16. Bxf6 Bxf6 17. Bxc4 Bxb2 18. Rab1 Be5 19. h3 e6 20. Nc1 Rfd8 21. Nb3 a5
22. Red1 h5 23. f3 h4 24. Rxd8+ Rxd8 25. Rd1 Bc6 26. Rxd8+ Qxd8 27. Qd3 Qg5 28.
Nxa5 Qc1+ 29. Qf1 Qe3+ 30. Kh1 Bxa4 31. Nb3 Kg7 32. Qg1 Qc3 0-1

[Event "Amplico ch-EUR Rapid"]
[Site "Warsaw POL"]
[Date "2012.12.15"]
[Round "4.13"]
[White "Zawadzki, Stanislaw"]
[Black "Erdos, Viktor"]
[Result "0-1"]
[WhiteTitle "IM"]
[BlackTitle "GM"]
[WhiteElo "2432"]
[BlackElo "2640"]
[WhiteFideId "1113500"]
[BlackFideId "719978"]
[EventDate "2012.12.15"]

1. e4 e5 2. Nf3 Nc6 3. Bb5 a6 4. Ba4 Nge7 5. c3 g6 6. O-O Bg7 7. d3 O-O 8. h3 h6
9. Qe2 d6 10. Nbd2 f5 11. Bb3+ Kh8 12. a3 Qe8 13. Nh2 g5 14. exf5 Bxf5 15. Ne4
Bh7 16. Be3 Nf5 17. Rad1 Nce7 18. Bc1 Ng6 19. g3 Qc6 20. Ng4 d5 21. Nd2 Rae8 22.
Ne3 Nf4 23. gxf4 exf4 24. Bxd5 Qd7 25. Be4 fxe3 26. fxe3 Rf7 27. Rf3 Be5 28. Nf1
g4 29. hxg4 Rg8 30. Kf2 Nh4 31. Rf4 Rxg4 32. Bh1 Bxf4 33. exf4 Rfg7 34. Qe5 Rg1
35. Be3 Rxh1 36. Bd4 Nf5 0-1

[Event "Amplico ch-EUR Rapid"]
[Site "Warsaw POL"]
[Date "2012.12.15"]
[Round "4.17"]
[White "Socko, Bartosz"]
[Black "Shirazi, Kamran"]
[Result "1-0"]
[WhiteTitle "GM"]
[BlackTitle "IM"]
[WhiteElo "2631"]
[BlackElo "2383"]
[WhiteFideId "1107038"]
[BlackFideId "2000733"]
[EventDate "2012.12.15"]

1. d4 Nf6 2. c4 a6 3. Nc3 c5 4. d5 b5 5. cxb5 axb5 6. Nxb5 Qa5+ 7. Nc3 g6 8. Nf3
Ne4 9. Qc2 Bg7 10. Qxe4 Bxc3+ 11. Bd2 Bxd2+ 12. Nxd2 d6 13. g3 Na6 14. Bg2 Nb4
15. O-O Bf5 16. Qf4 Nc2 17. e4 Nxa1 18. exf5 Nc2 19. f6 Qb4 20. Ne4 Nd4 21.
Nxd6+ Kd7 22. Bh3+ e6 23. Kh1 Rhf8 24. Nxf7 Rxf7 25. dxe6+ Ke8 26. exf7+ Kxf7
27. Bg2 Ra6 28. Bd5+ Ne6 29. Qxb4 cxb4 30. Re1 1-0

[Event "Amplico ch-EUR Rapid"]
[Site "Warsaw POL"]
[Date "2012.12.15"]
[Round "4.18"]
[White "Rapport, Richard"]
[Black "Lavendelis, Egons"]
[Result "1-0"]
[WhiteTitle "GM"]
[BlackTitle "FM"]
[WhiteElo "2621"]
[BlackElo "2340"]
[WhiteFideId "738590"]
[BlackFideId "11601647"]
[EventDate "2012.12.15"]

1. d4 Nf6 2. c4 g6 3. g3 Bg7 4. Bg2 d5 5. cxd5 Nxd5 6. e4 Nb6 7. Ne2 Nc6 8. e5
Nb4 9. Nbc3 N4d5 10. Nf4 Nxf4 11. Bxf4 c6 12. h4 Be6 13. h5 Bd5 14. Nxd5 Nxd5
15. Bd2 Qd7 16. Qb3 O-O-O 17. h6 Bf8 18. O-O f5 19. Qa4 Kb8 20. b4 e6 21. Qb3 f4
22. Bxf4 Nxf4 23. gxf4 Bxh6 24. b5 cxb5 25. a4 Bxf4 26. axb5 Qc7 27. Rxa7 Rxd4
28. Rfa1 Re4 1-0